000 00227nam a2200097Ia 4500
008 240331s9999 xx 000 0 und d
082 _bJAY
100 _aJayawardena, K
245 0 _aElangaiyil penkalum aadchi muraiyum
942 _cL
999 _c2431
_d2431